00852cam a22002171 450000100060000000300080000600500170001400800410003103500190007204000320009104100080012308200220013110000420015324500880019526000660028330000860034950000380043550000630047350400520053660000460058823640BD-RjUL20211209000944.0140311r19451944mauachj b 001 0beng d a(BD-RjUL)23705 aDLCcDLCdDLCdBD-RjULbeng aeng00a923.473bBOY 19451 aBowen, Catherine Drinker,d1897-1973.10aYankee from Olympus :bJustice Holmes and his family /cby Catherine Drinker Bowen  aBoston :bLittle, Brown and company,c1944. [Reprinted 1945] axvii, 475 p. :bincl. illus. (facsim.), geneal. tables., front., ports. ;c22 cm. a"An Atlantic monthly press book." a"Published April 1944, reprinted April 1944 (three times)" a"Material and Sources": p. [433]-451. and Index10aHolmes, Oliver Wendell,cJr.,d1841-1935.